‘‘De elf Friese steden’’ - Statistieken

Algemene statistieken
  • Deze quiz is 29 keer genomen
  • De gemiddelde score is 7 van 11
Antwoordstatistieken
Hint Antwoord % Correct
89.220 Leeuwarden/Ljouwert
100%
35.020 Sneek/Snits
81%
16.212 Harlingen/Harns
70%
12.965 Dokkum
67%
13.015 Franeker/Frjentsjer
59%
3050 IJlst/Drylts
56%
10.120 Bolsward/Boalsert
52%
965 Stavoren/Starum
48%
860 Hindeloopen/Hylpen
44%
4570 Workum/Warkum
44%
715 Sloten/Sleat
37%
Geen overeenkomende quizzen gevonden
Scoreverdeling
Procent van Mensen met Elke Score
Percentiel versus Aantal Correcte Antwoorden
Uw Scoregeschiedenis
U heeft deze quiz nog niet genomen